[Event "NRW U25 op"]
[Site "Olpe"]
[Date "2005.10.01"]
[Round "2.10"]
[White "Weiher, Stefan"]
[Black "Schmale, Lina Maria"]
[Result "1-0"]
[WhiteElo "1544"]
[BlackElo "1285"]
[PlyCount "131"]
[EventDate "2005.10.01"]
[EventType "swiss"]
[EventRounds "7"]
[EventCountry "GER"]
[SourceTitle "CBM 108 Extra"]
[Source "ChessBase"]
[SourceDate "2005.11.04"]
[SourceVersion "1"]
[SourceVersionDate "2005.11.04"]
[SourceQuality "1"]

1. e4 e5 2. Nf3 Nf6 3. Nxe5 d6 4. Nc4 Nxe4 5. Qe2 Qe7 6. f3 Nf6 7. Qxe7+ Bxe7 8. d4 Bf5 9. Ne3 Bg6 10. Nc3 Nc6 11. Bb5 0-0 12. Bxc6 bxc6 13. 0-0 Nd7 14. Ne2 Bf6 15. c3 Rfe8 16. Nf4 Bg5 17. Nxg6 hxg6 18. Nc2 Bh6 19. Bxh6 gxh6 20. Nb4 c5 21. Nd5 Rac8 22. Rfe1 c6 23. Nf4 cxd4 24. cxd4 Nb6 25. b3 a5 26. Kf2 g5 27. Nh5 Rxe1 28. Rxe1 Nd5 29. Ng3 Nb4 30. Re2 c5 31. Nf5 Rd8 32. Nxh6+ Kg7 33. Nf5+ Kf6 34. g4 Rh8 35. Kg3 Nd3 36. Nxd6 Nf4 37. Ne4+ Kg6 38. Re1 cxd4 39. Nxg5 Kxg5 40. Re5+ Kg6 41. Kxf4 Rxh2 42. Rd5 Rxa2 43. Rxd4 Ra3 44. Rd3 a4 45. Rd6+ f6 46. Ra6 Rxb3 47. Rxa4 Rb5 48. Ra8 Rb4+ 49. Kg3 Kf7 50. Ra3 Kg6 51. Kh4 f5 52. Ra6+ Kf7 53. Ra1 Kg6 54. Ra6+ Kf7 55. Kg5 fxg4 56. fxg4 Rb5+ 57. Kh6 Rb7 58. Rg6 Rb8 59. Rg7+ Kf6 60. g5+ Kf5 61. g6 Rb5 62. Kh7 Ke6 63. Ra7 Rh5+ 64. Kg7 Rh3 65. Rf7 Rh2 66. Kg8 1-0